00439nam a2200169Ia 4500003000900000005001700009008004100026040001600067080001500083100001500098245004200113260004500155300001700200650001300217650001500230650002400245IN-BaIIA20240503120410.0211028s9999 xx 000 0 eng d cIIA Library a523.9bDUN aDuner, N C 0aRecherches surbLa rotation du soleli aParisbDe L'Imprimerie De Crapeletc1802 axxxij, 567p. aArchives aAstrometry aCelestial mechanics